000 00632nam a2200157 a 4500
008 081113s2007 ||||||||||||||||| || u
050 _aIBRD(08)
100 _aVermeersch, Christel
245 1 0 _aMore time is better: an evaluation of the full time school program in Uruguary
260 _aWashington, D. C.
_bWorld Bank
_c2007
300 _a24p. :ill.
350 _a0.00
490 _aPolicy Research Working Paper
700 _aCerdan-Infantes, Pedro
995 _D0.00
_FCBU-MAIN LIBRARY (Kitwe)
_H1
_I0.00
_M1
_UAVAILABLE
_WNov 13, 2008
_ZInternational Publications
999 _c51693
_d51693